| 000 | 00360nam a2200145Ia 4500 | ||
|---|---|---|---|
| 008 | 210210b1998 xxu||||| |||| 00| 0 eng d | ||
| 020 | _a0 7497 1927 3 | ||
| 082 | _a823.0872 BLYI | ||
| 100 | _aBLYTON (Enid). | ||
| 245 | _aIn the fifth at malory towers. | ||
| 260 |
_aLondon _bMammoth _c1998 |
||
| 300 | _a143 | ||
| 690 | _aEnglish Fiction | ||
| 906 | _a054416 | ||
| 999 |
_c102586 _d102586 |
||